• 首页
  • 本馆介绍
  • 公告通知
  • 最新文献
  • 馆藏检索
  • 电子资源
  • 读者导购
  • 参考咨询
  • 我的图书馆
  • 登录
  • 详细信息显示
  • 放入我的书架
  • 预约/预借图书
  • 作者相关作品
  • 分类相关作品
  • 丛书相关作品
  • 出版社相关作品

书目信息

  • 表格格式
  • 工作单格式
  • 卡片格式
题名:
关于新的剥削分子问题论文集
    
 
作者: ;中国社会科学院经济研究所 编
分册:  
出版信息: 北京   中国社会科学出版社  1979
页数: 342页
开本: 19cm
丛书名:
单 册:
中图分类: D01-53
科图分类:
主题词: 新生资产阶级分子--文集
电子资源:
ISBN:
000 00768nam0 2200241 45
001 0179005599
005 20060810180136.67
010    @dCNY0.86
091    @aCN@b4190.014
100    @a19950713d1979 emky0chiy0121 ea
101 0  @achi
102    @aCN@b110000
105    @ay z 000yy
200 10 @a关于新的剥削分子问题论文集@Aguan yu xin de bo xue fen zi wen ti lun wenji@f中国社会科学院经济研究所《关于新的剥削分子问题论文集》编辑组编
210    @a北京@c中国社会科学出版社@d1979
215    @a342页@d19cm
300    @a内部发行
606    @a新生资产阶级分子@x文集
610 0  @a剥削
690    @aD01-53@v3
711 02 @a中国社会科学院经济研究所@Azhong guo she hui ke xue yuan jing ji yan jiu suo@4编
801  0 @aCN@bTSSF@c20060810
905    @a10447@dD01-53@e120
    
    关于新的剥削分子问题论文集/中国社会科学院经济研究所《关于新的剥削分子问题论文集》编辑组编.-北京:中国社会科学出版社,1979
    342页;19cm
    内部发行
    
    ISBN :CNY0.86
    
●
相关链接 在E读中查询图书 在五车中查询图书 在当当中查询图书 在豆瓣中查询图书


正题名:关于新的剥削分子问题论文集     索取号:D01-53/120         预约/预借

序号 登录号 条形码 馆藏地/架位号 状态 备注
1 0441109   204411092   密集书库/ [索取号:D01-53/120] 在馆    
2 0441761   204417611   密集书库/ [索取号:D01-53/120] 在馆    
3 0448577   204485770   密集书库/ [索取号:D01-53/120] 在馆    
唐山师范学院图书馆 欢迎您!
大连网信软件有限公司© 版权所有